000 04242nam a22004697a 4500
005 20090907145617.0
010 _aB-357097
020 _a9788189852498
_c35.00
035 _aB-357097
037 _bDBAD / PUB
082 _aS
245 _aThe best of Tenali Raman /
_ccompiled by Rungeen Singh
260 _aNew Delhi
_bYoung Learner Publications
_c(200?)
270 _aG-1, Rattan Jyoti, 18, Rajendra Place,
_bNew Delhi
_e110008
300 _a160p.:
_bill.
_c19cm(pbk)
650 _aChildren stories, English
_91669
700 _aSingh, Rungeen
_91670
942 _2ddc
_cCH
_hS
_mBES
999 _c30149
_d30149